Introducao a teoria da elasticidade

Uloženo v:
Podrobná bibliografie
Hlavní autor: Patiño, Jorge (autor)
Médium: Kniha
Jazyk:portugalština
Vydáno: Río de Janeiro Instituto de Matemática Pura e Aplicada 1980
Témata:
Tagy: Přidat tag
Žádné tagy, Buďte první, kdo vytvoří štítek k tomuto záznamu!

MARC

LEADER 00000nam a2200000 a 4500
001 UCQ8546
003 CL-VaPUC
008 981210e19800000BL |||||||||||||||||por|d
082 0 4 |a 531.38  |b PAT  |2 21 
100 |a Patiño, Jorge  |e autor  |9 422557 
245 1 0 |a Introducao a teoria da elasticidade 
300 |a 70 p 
942 |c BK 
945 |d 19981210 00:00:00  |a cmena 
260 |a Río de Janeiro  |b Instituto de Matemática Pura e Aplicada  |c 1980 
650 0 |a Matemática aplicada   |9 260236 
650 7 |a ELASTICIDAD  |2 CL-VaPUC  |9 266503 
650 0 |a Mecánica   |9 260096 
650 0 |a Ecuaciones diferenciales  |9 260083 
650 0 |a Geometría diferencial   |9 315147 
583 |a last modification  |c 19981210 00:00:00  |k Rodrigo Vera 
999 |c 277769  |d 277767 
952 |0 0  |1 0  |4 0  |6 531_380000000000000_PAT_1980  |7 0  |8 A  |9 315970  |a BIBMAT  |b BIBMAT  |d 2019-11-20  |i 1306758  |o 531.38 PAT 1980  |p 1306758  |r 2025-01-07  |w 2019-11-20  |y BK  |k MAT